| 000 | 00720nam a22002177a 4500 | ||
|---|---|---|---|
| 999 |
_c7143 _d7143 |
||
| 003 | GBCCL | ||
| 005 | 20241126110620.0 | ||
| 008 | 180628b ||||| |||| 00| 0 eng d | ||
| 020 | _a0830725105 | ||
| 040 | _cgbc | ||
| 082 |
_a268.432 _bPUL |
||
| 100 |
_aBaker, Tim _912195 |
||
| 245 |
_aHome and family: _bGod's word for a Jr. High world. Home and family/ _cTim Baker |
||
| 260 |
_aUSA: _bGospel Light, _c2000 |
||
| 300 |
_a96 p.; _bill., _c28 cm. |
||
| 440 |
_aPulse 9 _912629 |
||
| 650 |
_aFamilies -- Religious aspects -- Study and teaching. _912630 |
||
| 650 |
_aParenting -- Religious aspects -- Study and teaching. _912631 |
||
| 650 |
_aHome -- Religious aspects -- Study and teaching. _912632 |
||
| 942 |
_2ddc _cBK |
||